000 00551nam a2200205Ia 4500
005 20250326141223.0
008 250326s9999 xx 000 0 und d
020 _a0-395-62147-X
037 _aTextbook
040 _aFMSL
_beng
_cFMSL
041 _aeng
_2eng
084 _aX:51 N4
_qFMSL
100 _aSkinner Steven J
_9497104
245 0 _aMarketing
_cSkinner Steven J
250 _a2
260 _aNew Jersey
_bNew Jersey, Hougton Mifflin Co.
_c1994
300 _axxxiii,830
942 _cTB
_hX:51 N4
999 _c1289288
_d1289288